| 000 | 00521pab a2200169 454500 | ||
|---|---|---|---|
| 008 | 180718b2005 xxu||||| |||| 00| 0 eng d | ||
| 100 | _aNivorozhkin, Anton | ||
| 245 | _aan evaluation of government - sponsored vocational training programmes for the unemployed in urban Russia | ||
| 260 | _c2005 | ||
| 300 | _ap.1053-072. | ||
| 362 | _aNov | ||
| 650 | _aUnemployed - Russia | ||
| 650 | _aVocational education - Russia | ||
| 650 | _aVocational education | ||
| 773 | _aCambridge Journal of Economics | ||
| 909 | _a68105 | ||
| 999 |
_c68105 _d68105 |
||